|
|
|
|
| LEADER |
00000nam a2200000 a 4500 |
| 001 |
UCG4915 |
| 003 |
CL-VaPUC |
| 005 |
20250407152841.0 |
| 008 |
101216e20080000SP |||||||||||||||||spa|d |
| 999 |
|
|
|c 343515
|d 343513
|
| 020 |
|
|
|a 9788449436949
|
| 040 |
|
|
|c Pontificia Universidad Católica de Valparaíso
|
| 082 |
0 |
4 |
|a 808.0683
|b TZA
|2 21
|
| 100 |
0 |
|
|a Tzannes, Robin
|e author
|9 554411
|
| 245 |
1 |
0 |
|a Sanji y el panadero
|
| 250 |
|
|
|a 1a. ed
|
| 260 |
|
|
|a Barcelona
|b Océano
|c 2008
|
| 300 |
|
|
|a 24 p
|
| 490 |
0 |
|
|a Travesía
|
| 500 |
|
|
|a Ilustrado por: Korky Paul
|
| 583 |
|
|
|a last modification
|c 20101216 00:00:00
|k Rodrigo Vera
|
| 650 |
|
0 |
|a Literatura infantil
|9 307465
|x Cuentos
|
| 942 |
|
|
|c BK
|2 ddc
|
| 945 |
|
|
|d 20101216 00:00:00
|a cmena
|
| 952 |
|
|
|0 0
|1 0
|4 0
|6 808_068300000000000_TZA_2008
|7 0
|8 A
|9 440855
|a BIBEDU
|b BIBEDU
|d 2019-11-22
|i 4743504
|l 3
|m 1
|o 808.0683 TZA 2008
|p 4743504
|r 2022-10-06
|s 2022-09-22
|w 2019-11-22
|y BK
|k EPE
|